LEADER 01103nam0-2200373-i-450- 001 990005276770403321 005 20110414142925.0 035 $a000527677 035 $aFED01000527677 035 $a(Aleph)000527677FED01 035 $a000527677 100 $a19990604d1966----km-y0itay50------ba 101 1 $aita$cger 102 $aIT 105 $ay---z---001yy 200 1 $a<>processo di Gesů$fJosef Blinzler$gtraduzione di M. A. Colao Pellizzari 210 $aBrescia$cPaideia$d©1966 215 $a472 p.$d21 cm 225 1 $aBiblioteca di cultura religiosa$v6 300 $aTit. orig.: Der Prozess Jesus 610 0 $aGESU CRISTO$aProcesso 676 $a232.962$v21$zita 700 1$aBlinzler,$bJosef$f<1910- >$0187288 702 1$aColao Pellizzari,$bM.A. 801 0$aIT$bUNINA$gRICA$2UNIMARC 901 $aBK 912 $a990005276770403321 952 $a232.962 BLI 1$bIst.St.Rel.404$fFLFBC 952 $a232.962 BLI 1 BIS$bBibl.56457$fFLFBC 952 $aDDR-XXV B 021.1$fDDR 959 $aFLFBC 959 $aDDR 996 $aProcesso di Gesů$9298966 997 $aUNINA LEADER 01208nam--2200349---450- 001 990002208600203316 005 20100701093150.0 035 $a000220860 035 $aUSA01000220860 035 $a(ALEPH)000220860USA01 035 $a000220860 100 $a20041124d1955----km-y0itay0103----ba 101 $afre 102 $aFR 105 $a||||||||001yy 200 1 $a<> famille de Marchands les Ruiz$econtribution ŕ l'čtude du commerce entre la France et l'Espagne au temps de Philippe II$fHenri Lapeyre 210 $aParis$cA. Colin$d1955 215 $a671 p.$d23 cm 225 2 $aEcole pratique des hautes études$haffaires et gens d'affaires$v8 410 0$12001$aEcole pratique des hautes études$haffaires et gens d'affaires8$v8 454 1$12001 461 1$1001-------$12001 700 1$aLAPEYRE,$bHenri$0211697 801 0$aIT$bsalbc$gISBD 912 $a990002208600203316 951 $aXXX.B. Coll. 126/ 5 (Collez. LY 8)$b6645 G.$cXXX.B. Coll. 126/ 5 (Collez. LY)$d00272707 959 $aBK 969 $aGIU 979 $aSIAV1$b10$c20041124$lUSA01$h1230 979 $aRSIAV2$b90$c20100701$lUSA01$h0931 996 $aFamille de marchands, les Ruiz$9587918 997 $aUNISA